Sonety samotáře : básně : [1880 až 1885] /

Hlavní autor: Vrchlický, Jaroslav, 1853-1912
Jazyk: Čeština
Vydáno: Praha : Otto, 1910
Vydání: 3. vyd.
Edice: Vrchlický, Jaroslav, 1853-1912. Souborné vydání básnických spisů
Salonní bibliotéka
Fyzický popis: 160 s. ; 8°
Knihy
Uloženo v:
LEADER 01031nam a22003012a 4500
001 000916504
003 CZ BrMZK
005 20090310143141.0
007 ta
008 081012s1910 xr er|||||||||||cze d
015 |a cnb000904651  |z cnb002012475  |z cnb001634858 
035 |a (OCoLC)85716837 
040 |a ABA001  |b cze  |c ULG001  |d BOA001 
100 1 |a Vrchlický, Jaroslav,  |d 1853-1912  |7 jk01151037  |4 aut 
245 1 0 |a Sonety samotáře :  |b básně : [1880 až 1885] /  |c Jaroslav Vrchlický 
250 |a 3. vyd. 
260 |a Praha :  |b Otto,  |c 1910 
300 |a 160 s. ;  |c 8° 
490 1 |a Souborné vydání básnických spisů ;  |v 9 
490 1 |a Salonní bibliotéka ;  |v 40 
500 |a Vl. jm. autora: PhDr. Emil Frída 
800 1 |a Vrchlický, Jaroslav,  |d 1853-1912.  |t Souborné vydání básnických spisů  |0 s 
830 0 |a Salonní bibliotéka  |0 s 
910 |a BOA001  |b 1-0706.884 
990 |a BK 
993 |a Y 
991 |b 200810 
996 6 |b 2619341737  |c 1-0706.884  |l MZK  |r Sklad / do 1 hodiny  |n 0  |w 000916504  |u 000010  |a 1  |e BOA001  |j MZK50  |s P